Statistics for Guess That Candy!

Click here to take the quiz!

General Stats

  • This quiz has been taken 358 times
  • The average score is 11 of 16

Answer Stats

Answer% Correct
Starburst
87%
M&M's
86%
Snickers
85%
Sour Patch Kids
80%
Twix
78%
PEZ
77%
Whoppers
76%
Skittles
71%
Milky Way
69%
Swedish Fish
69%
Pop Rocks
57%
York
55%
Now & Later
54%
3 Musketeers
53%
KitKat
48%
Mounds
34%

Score Distribution

Percentile by Number Answered

Percent of People with Each Score

Your Score History

You have not taken this quiz